| 000 | 00538nam a2200193Ia 4500 | ||
|---|---|---|---|
| 003 | GCL | ||
| 008 | 140319s9999 xx 000 0 eng d | ||
| 040 |
_aGCL / _cGCL |
||
| 082 | 0 | 4 |
_a551.13 _bM M |
| 100 | 1 | _aMIDDLEMASL, GRIC A.K | |
| 245 | 1 | 0 |
_aMAGMAS ,ROCKS AND PLANETARY DEVELOPMENT ASURVEY OF MAGMA IGNEAUS RACK SYSTEMS / _cMIDDLEMASL, GRIC A.K |
| 260 |
_a[S.N] : _bLONGMAN ، _c1997 |
||
| 300 | _a299 P | ||
| 650 | 0 | 4 | _aROCK |
| 650 | 0 | 4 | _aEARTH SCIENCES |
| 650 | 0 | 4 | _aMAGMAS |
| 650 | 0 | 4 | _aPLANETARY ATMOSPHERE |
| 942 |
_2ddc _cBK |
||
| 999 |
_c16221 _d16221 |
||